000 01635nam a22002777a 4500
001 121628
008 230724s2023 xxk|||||o|||| 00| 0 eng d
041 _aeng
110 _aRoyal Institution of Chartered Surveyors
245 _aRights of Light, 3rd edition
_bRICS Draft Professional Standard
_h[Electronic resource]
260 _aLondon,
_bRoyal Institution of Chartered Surveyors,
_c24 July 2023
300 _a75p.
490 _aRICS Consultation
520 _aFollowing the publication of the Right to Light consumer guide, RICS is now putting forward a professional standard for land developers, surveyors/surveying firms and legal specialists. This is a draft update to the 2nd edition with changes in legislation, technology and case law. Consultation opened 24th July 2023 closed 21st August 2023.
520 _aThird edition was published 19th March 2024, effective from 1 June 2024 with ISBN 9781783215140
650 _aBOUNDARY DISPUTES
650 _aLAW OF PROPERTY ACT 1925
650 _aRIGHTS OF LIGHT
651 _aUnited Kingdom
690 _96267
_aRights of light
710 _aRoyal Institution of Chartered Surveyors
856 _uhttps://consultations.rics.org/gf2.ti/f/1480610/172746181.1/PDF/-/Rights%20of%20light%203rd%20Edition_for%20iconsult.pdf
_zView the consultation document on RICS.org
856 _uhttps://consultations.rics.org/rightsoflight3rded/consultationHome
_zView the RICS iConsult homepage on Rights to Light 3rd ed.
856 _uhttps://www.rics.org/content/dam/ricsglobal/documents/standards/rights-of-light-3rd-ed-ps-march-2024.pdf
_zPublished 3rd edition
942 _n0
999 _c121628
_d121628